000 00562nam a2200169 i 4500
001 141623
003 ES-MaACL
005 20230906200331.0
007 t|
008 070926s1962 sp ||||1| spa d
100 1 _aVilloria Barahona, Arsenio.
_9115274
245 1 0 _aAlemán e inglés
_b: terminología química : ejercicios de traducción directa /
_cArsenio Villoria Barahona.
260 _a[Salamanca :
_bs.n.,
_c1962] (
_fImp. Núñez)
300 _a100 p. ;
_c21 cm.
650 1 4 _aQuímica-
_vDiccionarios.
_916626
852 _aES-MaACL
_jC-22709
_bR.50579
999 _c141623
_d141623